World Capitals Closest to Ljubljana (with directions) - Statistics

General Stats
  • This quiz has been taken 31 times
  • The average score is 10 of 20
Answer Stats
km capital miles % Correct
117 E Zagreb 73
92%
278 NE Vienna 173
88%
286 SW San Marino 178
80%
393 SE Sarajevo 244
80%
305 NE Bratislava 190
72%
381 NE Budapest 237
72%
446 N Prague 277
60%
401 W Vaduz 249
60%
485 E Belgrade 301
52%
795 SE Sofia 494
36%
550 W Bern 342
32%
553 SE Podgorica 344
32%
650 SE Pristina 404
32%
490 S Rome 305
32%
715 SE Skopje 444
28%
678 SE Tirana 421
28%
491 S Vatican City 305
28%
724 N Berlin 450
24%
740 NW Luxembourg 460
20%
614 SW Monaco 382
16%
No matching quizzes found
Score Distribution
Percent of People with Each Score
Percentile by Number Answered
Your Score History
You have not taken this quiz